000
00302nam a22001337a 4500
020
_a
978-0-7499-1378-6
082
_a
158
_b
WEI/M
100
_a
BRIAN, WEISS
245
_a
MANY LIVES MANY MASTERS
260
_a
LONDON
_b
PIATKUS
300
_a
219
650
_a
PERSONALITY DEVELOPMENT
_z
LONDON
942
_c
BK
999
_c
5500
_d
5500